Book of abstracts : Konf. International workshop "Characterization of semiconductor substrates and structures, Smolenice, ČSFR, 1.- 4. april 1992
Salvato in:
| Natura: | Libro |
|---|---|
| Lingua: | inglese |
| Pubblicazione: |
Piešťany :
Istitute of Physical Electronics SAV,
1992
|
| Tags: |
Nessun Tag, puoi essere il primo ad aggiungerne!!
|
MARC
| LEADER | 00000nam a22000003a 4500 | ||
|---|---|---|---|
| 001 | stu1509 | ||
| 005 | 20150408174951.4 | ||
| 008 | 920409s1992----cs------------------eng-d | ||
| 040 | |a STU |b slo | ||
| 041 | 0 | |a eng | |
| 044 | |a cs | ||
| 080 | |a 538.9 |7 stu_us_auth*stu7967 | ||
| 080 | |a 061.3(08) | ||
| 245 | |a Book of abstracts : |b Konf. International workshop "Characterization of semiconductor substrates and structures, Smolenice, ČSFR, 1.- 4. april 1992 | ||
| 260 | |a Piešťany : |b Istitute of Physical Electronics SAV, |c 1992 | ||
| 300 | |a 83 s | ||
| 996 | |b EZ-285 |c E*Z-285 |l EE11 |s P |a 0 |w stu1509_0001 | ||